Online
Catalog

Índice de legislación vigente : (Record no. 1075)

MARC details
000 -CABECERA
campo de control de longitud fija 00830cam a2200205 a 4500
001 - NÚMERO DE CONTROL
campo de control 000001117
005 - FECHA Y HORA DE LA ÚLTIMA TRANSACCIÓN
campo de control 20200929145459.0
008 - DATOS DE LONGITUD FIJA--INFORMACIÓN GENERAL
campo de control de longitud fija 790728s1969 ve f010 0 spa
040 ## - FUENTE DE LA CATALOGACIÓN
Centro catalogador/agencia de origen DO-SdBNP
Lengua de catalogación spa
Centro/agencia transcriptor BNPHU
Centro/agencia modificador C
082 ## - NÚMERO DE LA CLASIFICACIÓN DECIMAL DEWEY
Número de clasificación 348.022
Número de documento/Ítem U588i
110 1# - ENTRADA PRINCIPAL--NOMBRE DE ENTIDAD CORPORATIVA
Nombre de entidad corporativa o nombre de jurisdicción como elemento de entrada República de Venezuela
Unidad subordinada Ministerio de Justicia
9 (RLIN) 3832
245 10 - MENCIÓN DE TÍTULO
Título Índice de legislación vigente :
Resto del título (hasta el 31-12-1968) /
Mención de responsabilidad, etc. prólogo, José S. Núñez Aristimuño.
260 ## - PUBLICACIÓN, DISTRIBUCIÓN, ETC.
Lugar de publicación, distribución, etc. Caracas, Venezuela :
Nombre del editor, distribuidor, etc. Universidad Central de Venezuela,
Fecha de publicación, distribución, etc. 1969.
300 ## - DESCRIPCIÓN FÍSICA
Extensión 1141 p. ;
Dimensiones 23 cm.
650 #4 - PUNTO DE ACCESO ADICIONAL DE MATERIA--TÉRMINO DE MATERIA
Término de materia o nombre geográfico como elemento de entrada Legislación
Subdivisión geográfica Venezuela
9 (RLIN) 3833
650 #4 - PUNTO DE ACCESO ADICIONAL DE MATERIA--TÉRMINO DE MATERIA
Término de materia o nombre geográfico como elemento de entrada Venezuela
Subdivisión general Derecho constitucional
9 (RLIN) 3834
710 1# - PUNTO DE ACCESO ADICIONAL--NOMBRE DE ENTIDAD CORPORATIVA
Nombre de entidad corporativa o nombre de jurisdicción como elemento de entrada Venezuela.
Unidad subordinada Ministério de Justicia
9 (RLIN) 3835
710 2# - PUNTO DE ACCESO ADICIONAL--NOMBRE DE ENTIDAD CORPORATIVA
Nombre de entidad corporativa o nombre de jurisdicción como elemento de entrada Universidad Central de Venezuela.
Unidad subordinada Instituto de Derecho Privado.
9 (RLIN) 3836
700 1# - PUNTO DE ACCESO ADICIONAL--NOMBRE DE PERSONA
Nombre de persona Nuñez Aristimuño, José
Término indicativo de función/relación pról.
9 (RLIN) 3837
Holdings
Estado de retiro Estado de pérdida Restricciones de uso No para préstamo Código de colección Localización permanente Ubicación/localización actual Ubicación en estantería Fecha de adquisición Fuente de adquisición Número de inventario Total de préstamos Signatura topográfica completa Código de barras Fecha visto por última vez Precio válido a partir de Tipo de ítem Koha
    Préstamo interno Préstamo en sala Dominicana de Servicio Biblioteca Nacional Pedro Henríquez Ureña Biblioteca Nacional Pedro Henríquez Ureña Depósito 10.09.2009 002344 LF1   348.022 U588i 1117-10 25.06.2020 25.06.2020 Libros y folletos

Powered by Koha